<?xml version="1.0" encoding="UTF-8"?>
<record
    xmlns:xsi="http://www.w3.org/2001/XMLSchema-instance"
    xsi:schemaLocation="http://www.loc.gov/MARC21/slim http://www.loc.gov/standards/marcxml/schema/MARC21slim.xsd"
    xmlns="http://www.loc.gov/MARC21/slim">

  <leader>00282nam a2200109Ia 4500</leader>
  <controlfield tag="001">588960</controlfield>
  <controlfield tag="005">20250717120840.0</controlfield>
  <controlfield tag="008">250717s9999    xx            000 0 und d</controlfield>
  <datafield tag="245" ind1=" " ind2="0">
    <subfield code="a">Y-9 ACAR DEDEKT&#x130;F EDA OKULDA</subfield>
    <subfield code="c">YILMAZ YE&#x15E;&#x130;LDA&#x11E;</subfield>
  </datafield>
  <datafield tag="260" ind1=" " ind2=" ">
    <subfield code="b">ERDEM YAYINLARI</subfield>
    <subfield code="c">2018</subfield>
  </datafield>
  <datafield tag="300" ind1=" " ind2=" ">
    <subfield code="b">119</subfield>
  </datafield>
  <datafield tag="999" ind1=" " ind2=" ">
    <subfield code="c">588960</subfield>
    <subfield code="d">588960</subfield>
  </datafield>
</record>
